Normal view
MARC view
Entry Personal Name
001 - CONTROL NUMBER
- control field: 171
003 - CONTROL NUMBER IDENTIFIER
- control field: OSt
005 - DATE AND TIME OF LATEST TRANSACTION
- control field: 20110407102341.0
008 - FIXED-LENGTH DATA ELEMENTS
- fixed length control field: 110407|||a|||||| | ||| d
040 ## - CATALOGING SOURCE
- Original cataloging agency: OSt
- Transcribing agency: OSt
100 ## - HEADING--PERSONAL NAME
- Personal name:
- Titles and other words associated with a name: Odoki, B. J. :
670 ## - SOURCE DATA FOUND
- Source citation: Work cat.: (OSt): Odoki, B. J. :, A Guide to Legal Profession in Uganda /
